000 00417nam a22001457a 4500
999 _c3813
_d3813
008 200702b ||||| |||| 00| 0 eng d
082 0 0 _a915.49604
_bG996
100 _93150
_aGyan Singh
245 1 0 _aLure of the Everest ,story of the first Indian expedition
_cby Gyan Singh
260 _aDelhi
_bMinistry of Information and Broadcasting
_c1961
300 _a212p.
365 _d12.50
650 0 _aTravels
942 _cBK